000 00617nam a2200217 a 4500
005 20140310183625.0
008 120910s19uu xx 00 eng d
020 _a9789381460030
050 _aTX 911.3.E4
_b.V59 2012
100 _aVerma, Gopal
245 _aHospitality automation and computerisation /
_cGopal Verma.
250 _a1st ed.
260 _aNew Delhi, India :
_bCentrum Press,
_c2012.
300 _aviii, 248 p. :
_c22 cm.
500 _aIncludes index
521 _aTOU
650 _aHospitality industry
_xAutomation
650 _aHotel management
942 _cBK
_2lcc
_kFOR
999 _c25504
_d25504